000 00631nam a2200229Ia 4500
003 OSt
005 20221006164456.0
006 a|||||r|||| 00| 0
007 ta
008 221006b |||||||| |||| 00| 0 hin d
024 _a5,122
037 _cTextual
040 _aFML
_cFML
_bhin
041 _2hin
_ahin
082 _aQ2, 1, 15L4
100 _aTripathi Surendra Narayan Au.
_9677578
245 0 _aSanskrite Panchdewata Stotrani
260 _aDelhi
_bSanmarg Prakashan India
_c1974
300 _a400
_ccm.
942 _hQ2, 1, 15L4
_cTEXL
_2CC
999 _c1117396
_d1117396